000 00716nam a22002417a 4500
001 3485
003 FISKH
005 20240312144255.0
008 240312b cb ||||| |||| 00| 0 eng d
040 _aFISK
_beng
_cFISK
_dFISK
050 _aPZ7.C458
082 _a823
100 _aChristopher Matt
_d1917-1997
245 _aSoccer halfback /
_cMatt Christopher
260 _aCanada :
_bLittle, brown company limited,
_c1978
300 _a182 pages :
_billustrations,
_c19 cm
505 _aM
520 _aA young boy is pressured by his family to abandon his promising soccer career for football.
521 8 _a730
_bLexile
700 _aMatt Christopher
942 _2ddc
_cBK
_n0
999 _c3485
_d3485